000 01785nam0a2200325 4500
001 RU\NLR\bibl\907485
005 20260405174605.0
010 _a5-7882-0258-2
_9100
021 _aRU
_b2005-84774
_94199
035 _a(NLR Aleph) 000895856
090 _a1747089
_c1747089
100 _a20060215d2005 |||y0rusy50 ca
101 0 _arus
102 _aRU
105 _aa |||||||||
200 1 _aОбщая методика применения средств обучения в инженерном вузе
_eучебное пособие
_fО. Ю. Хацринова, И. Я. Курамшин, В. Г. Иванов
_gФедер. агентство по образованию, Гос. образоват. учреждение высш. проф. образования "Казан. гос. технол. ун-т"
210 _aКазань
_cИзд-во Казанского государственного технологического университета
_d2005
215 _a198, [2] с.
_cил.
_d21
320 _aБиблиогр.: с. 191-198 (102 назв.)
606 1 _aИнженеры
_jУчебные издания
_xПодготовка
_91088332
_3RU\NLR\auth\66107538
686 _aЧ488.7я7
700 1 _4070
_8rus
_7ca
_aХацринова
_bО. Ю.
_f1967-
_gОльга Юрьевна
_3RU\NLR\AUTH\7775808
_958736
701 1 _4070
_8rus
_7ca
_aКурамшин
_bИ. Я.
_f1947-
_gИскандер Якубович
_3RU\NLR\AUTH\7774533
_957461
701 1 _4070
_8rus
_7ca
_aИванов
_bВ. Г.
_cд-р пед. наук, канд. техн. наук
_f1950-
_gВасилий Григорьевич
_3RU\NLR\AUTH\7736415
_919405
801 0 _aRU
_bNLR
_c20060215
_grcr
801 1 _aRU
_bNLR
_c20060215
942 _cBOOK
980 _aNB